LEADER 00888cam0 22002531 450 001 SOBE00045853 005 20251211111747.0 010 $a8808075291 100 $a20150209d2005 |||||ita|0103 ba 101 $aita 102 $aIT 200 1 $aProgettare la natura$earchitettura del paesaggio e dei giardini dalle origini all'epoca contemporanea$fFranco Panzini 210 $aBologna$cZanichelli$d2005 215 $aXII, 372 p.$cill.$d24 cm 700 1$aPanzini$b, Franco$3SOBA00010809$4070$010509 801 0$aIT$bUNISOB$c20251211$gRICA 850 $aUNISOB 852 $aUNISOB$j700$m165477 912 $aSOBE00045853 940 $aM 102 Monografia moderna SBN 941 $aM 957 $a700$b004784$gBRE$d165477$n20150206$racquisto$tV$1menle$2UNISOB$3UNISOB$420150209160629.0$520251211111747.0$6Spinosa$fTesto 2025/2026 996 $aProgettare la natura$91094950 997 $aUNISOB